1966 1321 1230 1200 1905 1703 1060 1708 1623 1477 1610 1338 1047 1837 1666 1559 1011 1649 1503 1256 1003 1265 1943 1131 1846 1896 1757 1889 1424 1176 1163 1722 1614 1417 1220 1525 1633 1287 1764 1141 1025 1064 1270 1587 1678 1785 1497 1016 1878 1228 1106 1321 1544 1315 1026 1917 1494 1834 1935 1459 1183 1453 1751 1792 1903 1726 1774 1749 1655 1626 1520 1733 1525 1779 1988 1071 1482 1851 1995 1861 1663 1907 1634 1754 1719 1970 1924 1253 1270 1908 1270 1429 1504 1985 1923 1395 1432 1020 1958 BCNSPRNW ULIB Ver.6.0+V

เปลี่ยนเป็นภาษาไทย

Change to English
 แสดงรายละเอียดบรรณานุกรม
  กลับหน้าหลัก

Brief Record : Get Marc (ISO 2709) : E-mail record : QR code < ปิดหน้าต่าง
LEADER : 00000nam 2200000uu 4500
001    13399111016
003     ULIB
008    110614s||||||||th 000 0 tha d
050  4 AS100^bก318ฉ 2550
100 0  สาลิกา เมธนาวิน
245 00 เฉลิมพระเกียรติ 80 พรรษา มหาราชาและครบรอบ 12 ปี พระราชทานนาม สถาบันพระบรมราชชนก /^cรวบรวมและเรียบเรียง สาลิกา เมธนาวิน,อลิสา ศิริเวชสุนทร
260    นนทบุรี :^bสถาบันพระบรมราชชนก,^c2550
650  7 สถาบันพระบรมราชชนก
700 0  อลิสา ศิริเวชสุนทร,^eเรียบเรียงร่วม
945    ^p0^l0^i025116
945    ^p0^l0^i025115
995    ทศพร
999 ^a ใช้งานได้ทุกระบบ
รายการนี้ยังไม่มีแท็ก
คุณยังไม่ได้ล็อกอิน คุณสามารถมีกิจกรรมร่วมกับเว็บไซต์ได้ แต่ต้องล็อกอินก่อน ::
  ล็อกอิน

รายการสื่อสารสนเทศ

ลำดับที่ ประเภท เลขเรียก/บาร์โค้ด สถานที่ สถานะ
- ไม่พบข้อมูล -

รายการใกล้เคียง
    ผู้แต่ง [สาลิกา เมธนาวิน]

    หัวเรื่อง [สถาบันพระบรมราชชนก]

BibComment


ยังไม่เคยถูกคอมเมนท์

คอมเมนท์ทรัพยากรรายการนี้
  คอมเมนท์: เฉลิมพระเกียรติ 8..


 Copyright 2026. Bcnsprnw @Library